Optický model atomového jádra

Gespeichert in:
Bibliographische Detailangaben
Hauptverfasser: Gomolčák, Ladislav (Verfasst von), Pluhař, Zdeněk (Verfasst von), Úlehla, Ivan (Verfasst von)
Format: Buch
Sprache:Tschechisch
Veröffentlicht: Praha : SAV Ústav informatiky, 1962
Schlagworte:
Tags: Tag hinzufügen
Keine Tags, Fügen Sie das erste Tag hinzu!

MARC

LEADER 00000nam a22000003a 4500
001 stu87964
005 20150617225631.0
008 040615s1962----cs------------------cze-d
040 |a STU  |b slo 
041 0 |a cze 
044 |a cs 
080 |a 539.142 
100 1 |a Gomolčák, Ladislav  |4 aut 
245 1 |a Optický model atomového jádra 
260 |a Praha :  |b SAV Ústav informatiky,  |c 1962 
300 |a 132 s 
650 7 |a modely atómového jadra  |2 stusub 
700 1 |a Pluhař, Zdeněk  |4 aut 
700 1 |a Úlehla, Ivan  |4 aut 
996 |b 284J021759  |c J*27648  |l JJK16  |s P  |a 0  |w stu87964_0001